00847 2200265 4500001002100000005001500021035002000036007000300056008004100059020001800100082001100118084001700129100002700146245011600173260003400289300002300323500015100346650002200497856001700519990000900536990000900545990000900554990000900563990000900572INLIS00000000000037220220614082545 a0010-0622000032ta220614 g 0 ind  a9786021832127 a297.63 a297.63 SYA m0 aSyarifuddin Abu Attaqi1 aMisteri di Ujung Wafatnya Rasulullah :bPesan dan wasiat menjelang detik-detik terakhir Kehidupan Nabi Muhammad aSurakarta :bAr-Ribath,c2014 a232 hlm ;c20.5 cm aBuku membahas tentang keelokan fisik dan jasmani rasulullah, kejeniusan Rasulullah dalam meredam konflik, kebenaran dan kemurnian ajaran Rasullah. 4aNabi Muhammad SAW aKoleksi Umum a5689 a5690 a5691 a5692 a5693